Geography Quiz

Random Geography or World Quiz

World Bodies of Water Quiz Stats

 Plays Quiz Updated Mar 8, 2017

Support Sporcle.
Go Orange.
Score 0/82 Timer 10:00
25 Plays Today
Body of Water % Correct
Atlantic Ocean
96.5%
Pacific Ocean
96.4%
Indian Ocean
94.1%
Arctic Ocean
86.2%
Red Sea
86%
Gulf of Mexico
85%
Black Sea
82.7%
Mediterranean Sea
80.3%
Lake Michigan
78.1%
North Sea
76.1%
Lake Superior
75.9%
Lake Erie
75.7%
Southern Ocean
73.8%
Lake Ontario
71.1%
Caspian Sea
71%
Lake Huron
70%
Caribbean Sea
68.6%
Sea of Japan
66.9%
Hudson Bay
66.9%
Baltic Sea
65.9%
Bering Sea
61.3%
South China Sea
60.5%
Lake Victoria
59.1%
Persian Gulf
56.4%
Bay of Bengal
56.2%
Irish Sea
54.5%
Gulf of California
54.4%
Gulf of Alaska
52.9%
Body of Water % Correct
Yellow Sea
51.4%
Arabian Sea
50.2%
Lake Titicaca
49.7%
Adriatic Sea
49.5%
Bay of Biscay
48%
Tasman Sea
46.8%
Greenland Sea
46.7%
Aegean Sea
45.1%
Great Slave Lake
41.4%
Great Bear Lake
41.3%
Baffin Bay
41.2%
Gulf of Oman
40.1%
White Sea
39.9%
East China Sea
39%
Norwegian Sea
38.7%
Lake Baikal
38.7%
Gulf of Guinea
38.5%
Aral Sea
38.1%
Coral Sea
37.8%
Philippine Sea
37.7%
Lake Malawi
37.6%
Gulf of Aden
37.4%
Lake Nicaragua
36.9%
Labrador Sea
36.2%
Gulf of St Lawrence
35.8%
Sargasso Sea
35.7%
Lake Winnipeg
35.5%
Gulf of Thailand
35.4%
Body of Water % Correct
Mozambique Channel
35%
Java Sea
34.9%
Ionian Sea
34.7%
Celtic Sea
33.3%
Barents Sea
31.9%
Timor Sea
31.2%
Beaufort Sea
31.2%
Lake Tanganyika
31%
Weddell Sea
30.9%
Sea of Azov
28.7%
Kara Sea
28.1%
East Siberian Sea
27.6%
Tyrrhenian Sea
27.5%
Gulf of Bothnia
27.4%
Sea of Okhotsk
27.2%
Sea of Marmara
26.7%
Andaman Sea
26.3%
Celebes Sea
24.7%
Lake Ladoga
24.2%
Gulf of Carpentaria
23.7%
Laptev Sea
23.4%
Lake Onega
22.8%
Chukchi Sea
22.2%
Lake Balkhash
20.7%
Banda Sea
20.6%
Arafura Sea
20.3%

From the Vault

ABBA or the Bee Gees?

by hjckr

Music 2m
Song quizzes? Mamma Mia, here we go again.
Remove Ads.
Support Sporcle.
Get the best of Sporcle when you Go Orange. This ad-free experience offers more features, more stats, and more fun while also helping to support Sporcle. Thank you for becoming a member.

Show Comments

Extras

Top Quizzes Today


Score Distribution

Your Account Isn't Verified!

In order to create a playlist on Sporcle, you need to verify the email address you used during registration. Go to your Sporcle Settings to finish the process.

Report this User

Report this user for behavior that violates our Community Guidelines.

Details: